Nuevo diccionario de las plantas medicinales estudiadas bajo el punto de vista botánico, médico y farmacéutico (Record no. 155258)

MARC details
000 -LEADER
campo de control de longitud fija 01342nam a22002175i 4500
001 - NÚMERO DE CONTROL
campo de control 155258
003 - IDENTIFICADOR DE NÚMERO DE CONTROL
campo de control ES-MaACL
005 - FECHA Y HORA DE LA ÚLTIMA TRANSACCIÓN
campo de control 20250806064055.0
008 - DATOS DE LONGITUD FIJA--INFORMACIÓN GENERAL
campo de control de longitud fija 030121s1876 sp a |||| | spa d
040 ## - FUENTE DE CATALOGACIÓN
Centro catalogador/agencia de origen CCPB | B
Lengua de catalogación spa
Centro/agencia transcriptor CCPB | B
100 1# - ENTRADA PRINCIPAL--NOMBRE DE PERSONA
Nombre de persona Héraud, A.
9 (RLIN) 128120
245 10 - MENCIÓN DEL TÍTULO
Título Nuevo diccionario de las plantas medicinales estudiadas bajo el punto de vista botánico, médico y farmacéutico
Resto del título : descripcion, localidades, cultivo, recoleccion, conservacion, parte usada, composicion química, formas farmacéuticas y dósis, accion fisiológica, usos en el tratamiento de las enfermedades, clave dicotómica para el reconocimiento del las familias de plantas, cuadros de las propiedades médicas y memorial terapéutico /
Mención de responsabilidad, etc. por A. Héraud ; traducido y adicionado con los nombres vulgares españoles de las plantas medicinales que se encuentran en España por J.G. Hidalgo.
260 ## - PUBLICACIÓN, DISTRIBUCIÓN, ETC.
Lugar de publicación, distribución, etc. Madrid :
Nombre del editor, distribuidor, etc. Moya y Plaza, libreros editores ;
Lugar de publicación, distribución, etc. Paris :
Nombre del editor, distribuidor, etc. J. B. Bailliere é Hijos,
Fecha de publicación, distribución, etc. 1876 (
Fabricante establecimiento tipográfico de R. Labajos)
300 ## - DESCRIPCIÓN FÍSICA
Extensión LXXVIII, 537 p. :
Otras características físicas il. ;
Dimensiones 22 cm.
650 #7 - PUNTO DE ACCESO ADICIONAL DE MATERIA--TÉRMINO DE MATERIA
Término de materia o nombre geográfico como elemento de entrada Plantas medicinales
Fuente del encabezamiento o término embne
9 (RLIN) 16118
700 11 - ENTRADA AGREGADA--NOMBRE PERSONAL
Nombre de persona Hidalgo, J.G.,
Término indicativo de función/relación
9 (RLIN) 127973
752 ## - ENTRADA AGREGADA--NOMBRE JERÁRQUICO DEL LUGAR
País o entidad superior España -
Ciudad Madrid
752 ## - ENTRADA AGREGADA--NOMBRE JERÁRQUICO DEL LUGAR
País o entidad superior Francia -
Ciudad París
852 ## - LOCALIZACIÓN
Ubicación ES-MaACL
Número de control de estantería A-3143
Nota libre -- Rúst., falto de la cub. ant.
Holdings
Estatus retirado Estado de pérdida Estado de daño No para préstamo Colección Biblioteca de origen Biblioteca actual Ubicación en estantería Fecha de adquisición Fuente de adquisición Total de préstamos Signatura topográfica completa Código de barras Visto por última vez Precio de reemplazo Tipo de ítem Koha
        Colección de referencia Biblioteca del Ateneo de Madrid Biblioteca del Ateneo de Madrid Sala Pecera Planta 1 17/01/2008     A-3143 1162407 23/02/2023 23/02/2023 Libro impreso antiguo